[Event "San Sebastian Constitucion op"]
[Site "San Sebastian de los Reyes"]
[Date "2021.12.07"]
[Round "4"]
[White "Alvarez Gonzalez, Eduardo"]
[Black "Toral Mendez, Pelayo"]
[Result "1-0"]
[WhiteElo "1732"]
[BlackElo "1346"]
[PlyCount "121"]
[EventDate "2021.12.04"]
[EventType "swiss"]
[EventRounds "8"]
[EventCountry "ESP"]
[SourceTitle "CBM 206 Extra"]
[Source "ChessBase"]
[SourceDate "2022.03.31"]
[SourceVersion "1"]
[SourceVersionDate "2022.03.31"]
[SourceQuality "1"]

1. d4 d5 2. Nf3 Nf6 3. c4 c6 4. Nc3 Bf5 5. cxd5 Nxd5 6. Qb3 Nb6 7. Bg5 Be6 8. Qd1 g6 9. e3 Bg7 10. Bd3 0-0 11. 0-0 Bc4 12. Bxc4 Nxc4 13. Qb3 b5 14. Rfd1 Na5 15. Qc2 Na6 16. Rac1 f6 17. Bf4 Nb4 18. Qb1 Nd5 19. Bg3 Nxc3 20. Rxc3 Qb6 21. Rdc1 Rfe8 22. Qe4 e5 23. dxe5 fxe5 24. h3 Rac8 25. b3 Re6 26. Nd2 c5 27. b4 Nb7 28. bxc5 Qc6 29. Rb3 Rd6 30. Qxc6 Rcxc6 31. Ne4 Rd7 32. Rxb5 Rdc7 33. Rb3 Kf7 34. Ra3 a6 35. Rb1 a5 36. Nd6+ Nxd6 37. cxd6 Rxd6 38. Rxa5 Ke6 39. Rbb5 Rd1+ 40. Kh2 Rcc1 41. Bxe5 Bxe5+ 42. Rxe5+ Kf6 43. Re8 Kf7 44. Re4 Rh1+ 45. Kg3 Rc6 46. Rf4+ Ke6 47. a4 h6 48. h4 Ra1 49. Ra8 Rc5 50. Re8+ Kd7 51. Rg8 g5 52. hxg5 hxg5 53. Rf7+ Ke6 54. Rfg7 Rxa4 55. Rg6+ Kf7 56. R8g7+ Kf8 57. Rxg5 Rxg5+ 58. Rxg5 Kf7 59. f4 Kf6 60. Re5 Ra7 61. Kf3 1-0